Diseases and parasites of minks / (Record no. 11478)
[ view plain ]
| 000 -LEADER | |
|---|---|
| fixed length control field | 00946cam a22002771a 4500 |
| 001 - CONTROL NUMBER | |
| control field | agr52000532 |
| 003 - CONTROL NUMBER IDENTIFIER | |
| control field | DLC |
| 005 - DATE AND TIME OF LATEST TRANSACTION | |
| control field | 20260227111017.0 |
| 008 - FIXED-LENGTH DATA ELEMENTS--GENERAL INFORMATION | |
| fixed length control field | 800121s1952 dcua f000 0 eng |
| 010 ## - LIBRARY OF CONGRESS CONTROL NUMBER | |
| LC control number | agr52000532 |
| 035 ## - SYSTEM CONTROL NUMBER | |
| System control number | (OCoLC)5895484 |
| 040 ## - CATALOGING SOURCE | |
| Original cataloging agency | DLC |
| Transcribing agency | WMaPI-RL |
| Modifying agency | WMaPI-RL |
| -- | DNAL |
| -- | DLC |
| -- | WaU |
| 050 00 - LIBRARY OF CONGRESS CALL NUMBER | |
| Classification number | S21 |
| Item number | .A6 no. 2050 |
| 070 0# - NATIONAL AGRICULTURAL LIBRARY CALL NUMBER | |
| Classification number | 1 |
| Item number | Ag84F no.2050 |
| 072 #0 - SUBJECT CATEGORY CODE | |
| Subject category code | L830 |
| 072 #0 - SUBJECT CATEGORY CODE | |
| Subject category code | L820 |
| 100 1# - MAIN ENTRY--PERSONAL NAME | |
| Personal name | Gorham, J. R., |
| Dates associated with a name | 1922- |
| 245 10 - TITLE STATEMENT | |
| Title | Diseases and parasites of minks / |
| Statement of responsibility, etc. | by J.R. Gorham and H.J. Griffiths. |
| 260 ## - PUBLICATION, DISTRIBUTION, ETC. | |
| Place of publication, distribution, etc. | Washington, D.C. : |
| Name of publisher, distributor, etc. | U.S. Dept. of Agriculture, |
| Date of publication, distribution, etc. | 1952. |
| 300 ## - PHYSICAL DESCRIPTION | |
| Extent | 41 p. : |
| Other physical details | ill. ; |
| Dimensions | 23 cm. |
| 490 1# - SERIES STATEMENT | |
| Series statement | Farmers' bulletin / United States Department of Agriculture ; |
| Volume/sequential designation | no. 2050 |
| 650 #0 - SUBJECT ADDED ENTRY--TOPICAL TERM | |
| Topical term or geographic name entry element | American mink |
| General subdivision | Diseases. |
| 650 #0 - SUBJECT ADDED ENTRY--TOPICAL TERM | |
| Topical term or geographic name entry element | American mink |
| General subdivision | Parasites. |
| 700 1# - ADDED ENTRY--PERSONAL NAME | |
| Personal name | Griffiths, Henry Joseph, |
| Dates associated with a name | 1910- |
| 830 #0 - SERIES ADDED ENTRY--UNIFORM TITLE | |
| Uniform title | Farmers' bulletin (United States. Department of Agriculture) ; |
| Volume/sequential designation | no. 2050. |
No items available.